Catálogo
Digital

Catálogo
Digital

Ecuador Debate N°78. Cuerpos y Sexualidades (Record no. 13510)

MARC details
000 -CABECERA
campo de control de longitud fija 02326nam a2200385 4500
003 - IDENTIFICADOR DEL NÚMERO DE CONTROL
campo de control EC-UNACH
005 - FECHA Y HORA DE LA ÚLTIMA TRANSACCIÓN
campo de control 20250512171222.0
006 - CÓDIGOS DE INFORMACIÓN DE LONGITUD FIJA--CARACTERÍSTICAS DEL MATERIAL ADICIONAL
campo de control de longitud fija s||||gr|||| 00| 00
008 - DATOS DE LONGITUD FIJA--INFORMACIÓN GENERAL
campo de control de longitud fija 150116t9999 mx r gr 000 0 spa d
020 ## - NÚMERO INTERNACIONAL ESTÁNDAR DEL LIBRO
Número Internacional Estándar del Libro 10121498
040 ## - FUENTE DE LA CATALOGACIÓN
Centro catalogador/agencia de origen EC-UNACH
Centro/agencia transcriptor EC-UNACH
041 ## - CÓDIGO DE LENGUA
Código de lengua del texto/banda sonora o título independiente spa
082 04 - NÚMERO DE LA CLASIFICACIÓN DECIMAL DEWEY
Número de edición 23
Número de clasificación 300
Número de documento/Ítem L17732
110 ## - ENTRADA PRINCIPAL--NOMBRE DE ENTIDAD CORPORATIVA
Nombre de entidad corporativa o nombre de jurisdicción como elemento de entrada Centro Andino de Acción Popular (CAAP)
245 ## - MENCIÓN DE TÍTULO
Título Ecuador Debate N°78. Cuerpos y Sexualidades
250 ## - MENCIÓN DE EDICIÓN
Mención de edición Primera edición
264 ## - Producción, publicación, distribución, fabricación y copyright
Lugar de producción, publicación, distribución, fabricación Quito - Ecuador
Nombre del de productor, editor, distribuidor, fabricante CAAP
Fecha de de producción, publicación, distribución, fabricación o copyright 2009
300 ## - DESCRIPCIÓN FÍSICA
Extensión 194 páginas
Otras características físicas Tablas, Cuadro
Dimensiones 14,5 X 21 cm
505 ## - NOTA DE CONTENIDO CON FORMATO
Nota de contenido con formato COYUNTURA.- Diálogo sobre la coyuntura. Tiempo de redefiniciones y opciones políticas. Conflictividad socio-política: Julio-Octubre 2009. -- TEMA CENTRAL.- Sexualidad: de la desregulación a la violencia. El sexo del Otro. Cuando lo 'queer' si da: género y sexualidad en Guayaquil. Re-construcciones del "hombre" virtual: repensando las identidades de género en Gaydar. Las expansiones subversivas de lo trans-feminista en Ecuador. Un recorrido por el Proyecto trans-género/casatrans y las autorepresentaciones de sus activistas. La <<heteronormatividad>> y la nada. "Camellando" la vida en Quito y sin empleo. Diversidades sexuales y de género: exclusión social e inserción en Quito. -- DEBATE AGRARIO-RURAL.- La FENACLE y la organización de los asalariados rurales en la Provincia del Guayas. -- ANÁLISIS.- De las críticas contra el sistema al ejercicio del poder: Los movimientos sociales indígenas y las políticas de Reforma Educativa en Bolivia. Jefes militares de la Revolución Quiteña. -- RESEÑAS.- La maldición de la abundancia. Imágenes en disputa. Representaciones de mujeres indígenas de la sierra ecuatoriana. Diversidades sexuales y de género: exclusión social e inserción laboral en Quito.
650 ## - PUNTO DE ACCESO ADICIONAL DE MATERIA--TÉRMINO DE MATERIA
Término de materia o nombre geográfico como elemento inicial IDENTIDADES DE GÉNERO
650 ## - PUNTO DE ACCESO ADICIONAL DE MATERIA--TÉRMINO DE MATERIA
Término de materia o nombre geográfico como elemento inicial SEXUALIDAD
650 ## - PUNTO DE ACCESO ADICIONAL DE MATERIA--TÉRMINO DE MATERIA
Término de materia o nombre geográfico como elemento inicial HOMBRE VIRTUAL
650 ## - PUNTO DE ACCESO ADICIONAL DE MATERIA--TÉRMINO DE MATERIA
Término de materia o nombre geográfico como elemento inicial TRANS - GÉNERO
650 ## - PUNTO DE ACCESO ADICIONAL DE MATERIA--TÉRMINO DE MATERIA
Término de materia o nombre geográfico como elemento inicial GÉNERO Y SEXUALIDAD
700 ## - PUNTO DE ACCESO ADICIONAL--NOMBRE DE PERSONA
Nombre de persona Dupret, Marie-Astrid
700 ## - PUNTO DE ACCESO ADICIONAL--NOMBRE DE PERSONA
Nombre de persona Gutiérrez Vera, Daniel
700 ## - PUNTO DE ACCESO ADICIONAL--NOMBRE DE PERSONA
Nombre de persona Amelia Viteri, María
700 ## - PUNTO DE ACCESO ADICIONAL--NOMBRE DE PERSONA
Nombre de persona Luengo, Francisca
942 ## - ELEMENTOS DE PUNTO DE ACCESO ADICIONAL (KOHA)
Fuente del sistema de clasificación o colocación Clasificación Decimal Dewey
Tipo de ítem Koha Libros
999 ## - NÚMEROS DE CONTROL DE SISTEMA (KOHA)
Koha biblionumber 13510
Holdings
Estado de pérdida Fuente del sistema de clasificación o colocación Estado dañado No para préstamo Localización permanente Ubicación/localización actual Ubicación en estantería Fecha de adquisición Fuente de adquisición Número de inventario Total de préstamos Signatura topográfica completa Código de barras Fecha visto por última vez Precio válido a partir de Tipo de ítem Koha Centro de costos
  Clasificación Decimal Dewey     Biblioteca Campus Norte Biblioteca Campus Norte Facultad de Ciencias Políticas y Administrativas - Generalidades 14/04/2025 Donación CAAP 39686963   300 CEN L017732 L017732 14/04/2025 14/04/2025 Libros  

Powered by Koha